| 000 | 00388nam a2200157Ia 4500 | ||
|---|---|---|---|
| 003 | Ost | ||
| 005 | 20260225132546.0 | ||
| 008 | 260225s9999||||xx |||||||||||||| ||und|| | ||
| 040 | _cfsic | ||
| 041 | _afre | ||
| 082 | _a440 | ||
| 100 |
_aMostafa boutefnouchet _eAuteur |
||
| 245 | 0 | _aSysteme social et changement social en Algerie / | |
| 245 | 0 | _cMostafa boutefnouchet | |
| 942 | _cكتاب | ||
| 999 |
_c33815 _d33815 |
||